Countries Mastodon has Visited - Statistics

General Stats
  • This quiz has been taken 11 times
  • The average score is 41 of 44
Answer Stats
Continent Country % Correct
South America Argentina
100%
Oceania Australia
100%
Europe Austria
100%
Europe Belgium
100%
South America Brazil
100%
North America Canada
100%
South America Colombia
100%
North America Costa Rica
100%
Europe Denmark
100%
Europe Finland
100%
Europe France
100%
Europe Germany
100%
Europe Hungary
100%
Europe Iceland
100%
Europe Ireland
100%
Europe Italy
100%
Europe Netherlands
100%
Europe Norway
100%
Europe Poland
100%
Europe Slovenia
100%
Europe Sweden
100%
Europe Switzerland
100%
Europe United Kingdom
100%
South America Chile
90%
Europe Croatia
90%
Europe Czech Republic
90%
Europe Greece
90%
Asia Japan
90%
North America Mexico
90%
Oceania New Zealand
90%
Asia/ Europe Russia
90%
Europe Spain
90%
Asia/ Europe Turkey
90%
Asia United Arab Emirates
90%
North America United States of America
90%
Europe Bulgaria
80%
North America Dominican Republic
80%
Europe Estonia
80%
North America Guatemala
80%
Europe Romania
80%
Asia Israel
70%
Europe Latvia
70%
Europe Portugal
70%
South America Venezuela
70%
No matching quizzes found
Score Distribution
Percent of People with Each Score
Percentile by Number Answered
Your Score History
You have not taken this quiz